[Event "CYCC U14"]
[Site "Calgary CAN"]
[Date "2023.07.20"]
[Round "3.85"]
[White "Murali, Dhruv"]
[Black "Huang, Jonas"]
[Result "1-0"]
[WhiteElo "1560"]
[BlackElo "1080"]
[PlyCount "91"]
[EventDate "2023.07.19"]
[EventType "swiss"]
[EventRounds "7"]
[EventCountry "CAN"]

1. b3 Nf6 2. Bb2 d6 3. e3 Nc6 4. d4 g6 5. Nf3 Bg7 6. a3 Nd7 7. c4 O-O 8. Bd3 e5
9. d5 Ne7 10. e4 Nc5 11. Bc2 f5 12. Nbd2 h6 13. h4 f4 14. b4 Nd7 15. Bb3 Kh8
16. Qc2 c5 17. dxc6 Nxc6 18. O-O-O Nb6 19. c5 dxc5 20. bxc5 Nd7 21. Ng5 Qe7 22.
Ne6 Rf6 23. Nc7 Nxc5 24. Nd5 Nxb3+ 25. Nxb3 Qf7 26. Nxf6 Bxf6 27. Rd3 Be6 28.
Rc3 Nd4 29. Nxd4 exd4 30. Rc7 Qg8 31. Qc5 Qd8 32. Rd1 b6 33. Qc6 Be5 34. Bxd4
Bxd4 35. Rxd4 Qxd4 36. Qxa8+ Bg8 37. Qc6 Qa1+ 38. Kd2 Qd4+ 39. Ke2 Qb2+ 40. Qc2
Qb5+ 41. Ke1 Qe5 42. Qc3 Qxc3+ 43. Rxc3 Be6 44. Rc7 Bb3 45. Rxa7 Bc2 46. f3 1-0

[Event "CYCC U14"]
[Site "Calgary CAN"]
[Date "2023.07.20"]
[Round "3.86"]
[White "Leveille, Zachary"]
[Black "Li, Anthony"]
[Result "1/2-1/2"]
[WhiteElo "1061"]
[BlackElo "1490"]
[PlyCount "89"]
[EventDate "2023.07.19"]
[EventType "swiss"]
[EventRounds "7"]
[EventCountry "CAN"]

1. c4 g6 2. d4 Bg7 3. Nc3 Nf6 4. Bg5 d6 5. e3 O-O 6. Nf3 h6 7. Bxf6 Bxf6 8. Bd3
Nc6 9. h3 Bg7 10. O-O e5 11. Bc2 Bd7 12. d5 Ne7 13. e4 f5 14. b4 a5 15. a3 f4
16. c5 b6 17. c6 Bc8 18. b5 g5 19. Nd2 Qe8 20. Bd3 Rf6 21. Be2 Kh8 22. Bg4 Bxg4
23. Qxg4 Rd8 24. Qe2 h5 25. f3 Qg6 26. Kf2 Bh6 27. Nc4 Rg8 28. Ke1 g4 29. hxg4
hxg4 30. Kd2 Kg7 31. Qf2 Nc8 32. Rh1 Kf7 33. Kc2 gxf3 34. gxf3 Qg3 35. Raf1
Rfg6 36. Ne2 Qxf2 37. Rxf2 Bg5 38. Rh7+ R6g7 39. Rxg7+ Rxg7 40. Rh2 Bf6 41. Kd3
Na7 42. a4 Nc8 43. Kd2 Ne7 44. Ke1 Ng6 45. Kf2 1/2-1/2

[Event "CYCC U14"]
[Site "Calgary CAN"]
[Date "2023.07.20"]
[Round "3.87"]
[White "Pollitt, Henry"]
[Black "Ou Yang, Andrew"]
[Result "1/2-1/2"]
[WhiteElo "1467"]
[BlackElo "1077"]
[PlyCount "105"]
[EventDate "2023.07.19"]
[EventType "swiss"]
[EventRounds "7"]
[EventCountry "CAN"]

1. e4 g6 2. d4 Bg7 3. Nf3 d6 4. Bc4 Nf6 5. Nc3 Nc6 6. h3 e5 7. dxe5 dxe5 8. Bg5
Qxd1+ 9. Rxd1 O-O 10. Bxf6 Bxf6 11. Nd5 Bd8 12. b4 Be6 13. b5 Na5 14. Bb3 c6
15. bxc6 bxc6 16. Ne3 Nxb3 17. axb3 Ba5+ 18. Ke2 Bc7 19. Ra1 a5 20. Ra4 f5 21.
Ng5 Bd7 22. Rd1 Bc8 23. exf5 gxf5 24. Nc4 h6 25. Nf3 Ba6 26. Ke1 Bb5 27. Ra2
Bxc4 28. bxc4 Rad8 29. Rb1 Rb8 30. Rab2 Rxb2 31. Rxb2 Rb8 32. Ra2 Kf7 33. Kd2
Ra8 34. Ra4 Ke6 35. Kc3 Bb6 36. c5 Bxc5 37. Rc4 Kd5 38. Rh4 Bf8 39. Rh5 Ke6 40.
g4 fxg4 41. hxg4 Bg7 42. Kb3 a4+ 43. Ka3 Kd5 44. Nh4 Bf8+ 45. Ka2 a3 46. Ng6
Bg7 47. Nxe5 Bxe5 48. f4 Rg8 49. Rxe5+ Kd6 50. Rh5 Rxg4 51. Rxh6+ Kc5 52. Kxa3
Rxf4 53. Kb3 1/2-1/2

[Event "CYCC U14"]
[Site "Calgary CAN"]
[Date "2023.07.20"]
[Round "3.88"]
[White "Chow, Micah"]
[Black "Huang, Winston"]
[Result "0-1"]
[WhiteElo "1016"]
[BlackElo "1460"]
[PlyCount "134"]
[EventDate "2023.07.19"]
[EventType "swiss"]
[EventRounds "7"]
[EventCountry "CAN"]

1. e4 e5 2. Nf3 Nc6 3. d4 exd4 4. Bc4 Bc5 5. c3 Nge7 6. cxd4 Bb4+ 7. Bd2 Bxd2+
8. Nbxd2 d5 9. exd5 Nxd5 10. O-O O-O 11. Bd3 Nf4 12. Nb3 Bg4 13. Be2 Nxe2+ 14.
Qxe2 Re8 15. Qd3 Bxf3 16. Qxf3 Nxd4 17. Nxd4 Qxd4 18. Qxb7 Rab8 19. Qxc7 Rxb2
20. h3 Rxf2 21. Rxf2 Qxa1+ 22. Rf1 Qd4+ 23. Kh1 f6 24. Qc6 Rd8 25. Re1 Qd7 26.
Qc4+ Qf7 27. Qc5 Qxa2 28. Qe7 Rf8 29. Rd1 Qf7 30. Qa3 Re8 31. Qa4 Rc8 32. Rd7
Qe8 33. Qb3+ Kh8 34. Rxa7 Qe1+ 35. Kh2 Qe5+ 36. Qg3 Qxg3+ 37. Kxg3 h6 38. Kh4
Kh7 39. g4 Kg6 40. Kg3 Rc5 41. Kh4 h5 42. Ra8 hxg4 43. hxg4 Rc3 44. Rf8 Kh7 45.
Rf7 Kh6 46. g5+ fxg5+ 47. Kg4 Rc4+ 48. Kg3 g6 49. Rd7 g4 50. Rd5 g5 51. Rd3 Kh5
52. Re3 Rf4 53. Re8 Rf3+ 54. Kg2 Rc3 55. Rh8+ Kg6 56. Rg8+ Kf6 57. Rf8+ Kg7 58.
Rf5 Kg6 59. Rf8 g3 60. Rg8+ Kh5 61. Rh8+ Kg4 62. Rg8 Rc2+ 63. Kg1 g2 64. Rg7
Kf4 65. Rg8 Kf3 66. Rxg5 Rc1+ 67. Kh2 Rh1# 0-1

[Event "CYCC U14"]
[Site "Calgary CAN"]
[Date "2023.07.20"]
[Round "3.89"]
[White "Liu, Junxi"]
[Black "Luan, Jacky"]
[Result "0-1"]
[WhiteElo "970"]
[BlackElo "1447"]
[PlyCount "64"]
[EventDate "2023.07.19"]
[EventType "swiss"]
[EventRounds "7"]
[EventCountry "CAN"]

1. b3 e5 2. Bb2 Nc6 3. e3 d5 4. Bb5 Bd6 5. f4 Bd7 6. Bxc6 Bxc6 7. fxe5 Be7 8.
Nf3 Qc8 9. O-O Qe6 10. Nd4 Qxe5 11. Nxc6 Qxb2 12. Nc3 bxc6 13. Qf3 Nf6 14. Rac1
Qa3 15. e4 Qd6 16. Rfe1 dxe4 17. Nxe4 Nxe4 18. Rxe4 O-O 19. d4 Bf6 20. c3 c5
21. Rd1 cxd4 22. cxd4 Rfe8 23. Kh1 Rxe4 24. Qxe4 Rd8 25. d5 c6 26. Re1 cxd5 27.
Qe8+ Rxe8 28. Rxe8+ Qf8 29. Rxf8+ Kxf8 30. a4 Ke7 31. b4 Kd6 32. b5 Kc5 0-1

[Event "CYCC U14"]
[Site "Calgary CAN"]
[Date "2023.07.20"]
[Round "3.90"]
[White "Yen, Rafael"]
[Black "Bouchard, Nicholas"]
[Result "0-1"]
[WhiteElo "701"]
[BlackElo "1443"]
[PlyCount "114"]
[EventDate "2023.07.19"]
[EventType "swiss"]
[EventRounds "7"]
[EventCountry "CAN"]

1. e4 c6 2. Nf3 d5 3. e5 Bg4 4. h3 Bxf3 5. Qxf3 e6 6. d4 c5 7. c3 Nc6 8. Bd3
cxd4 9. cxd4 Nxd4 10. Bb5+ Nc6 11. Nc3 Nge7 12. O-O Ng6 13. Re1 Be7 14. Bxc6+
bxc6 15. b3 O-O 16. Bb2 Bb4 17. a3 Ba5 18. b4 Bc7 19. Na4 Qb8 20. Qg3 a5 21.
Bc3 axb4 22. axb4 Re8 23. h4 f6 24. f4 fxe5 25. fxe5 Bd8 26. h5 Bh4 27. Qg4
Bxe1 28. Rxe1 Nh8 29. h6 g6 30. Nc5 Qc7 31. Rf1 Re7 32. Rf6 Rae8 33. Qf4 Rf7
34. Qg5 Rxf6 35. exf6 Nf7 36. Qh4 e5 37. Qh2 d4 38. Bxd4 Qd6 39. Bc3 Qd1+ 40.
Kf2 Qc2+ 41. Kf1 Qxc3 42. Qh4 Qc1+ 43. Kf2 Qf4+ 44. Qxf4 exf4 45. Kf3 g5 46. g3
Re3+ 47. Kg4 Rxg3+ 48. Kf5 Nxh6+ 49. Ke6 f3 50. Ne4 Rg4 51. Nd6 f2 52. Nf7 Nxf7
53. Ke7 f1=Q 54. Ke6 Qe2+ 55. Kf5 Qf3+ 56. Ke6 Qd5+ 57. Ke7 Re4# 0-1

[Event "CYCC U14"]
[Site "Calgary CAN"]
[Date "2023.07.20"]
[Round "3.91"]
[White "Hong, Zihan"]
[Black "Zhan, Austin"]
[Result "1-0"]
[WhiteElo "1438"]
[BlackElo "1063"]
[PlyCount "71"]
[EventDate "2023.07.19"]
[EventType "swiss"]
[EventRounds "7"]
[EventCountry "CAN"]

1. d4 Nf6 2. c4 e6 3. Nc3 Bb4 4. e3 c5 5. Bd3 Nc6 6. Nf3 b6 7. Bd2 Bxc3 8. Bxc3
Bb7 9. O-O O-O 10. a3 d5 11. dxc5 bxc5 12. Ne5 d4 13. Nxc6 Bxc6 14. exd4 cxd4
15. Bxd4 Qd7 16. Bxf6 gxf6 17. Qg4+ Kh8 18. Qh3 f5 19. Rad1 Qe7 20. Rfe1 Rad8
21. Bxf5 exf5 22. Qc3+ Kg8 23. Rxe7 Rxd1+ 24. Re1 Rfd8 25. h3 R1d3 26. Qf6 Be4
27. Re3 Rd1+ 28. Kh2 R8d6 29. Rg3+ Kf8 30. Qh8+ Ke7 31. Qe5+ Re6 32. Qc5+ Kf6
33. Qxa7 Bc6 34. Re3 Rxe3 35. Qxe3 Rd6 36. b4 1-0

[Event "CYCC U14"]
[Site "Calgary CAN"]
[Date "2023.07.20"]
[Round "3.92"]
[White "Singh, Harshpreet"]
[Black "Chen, Ricky"]
[Result "0-1"]
[WhiteElo "649"]
[BlackElo "1370"]
[PlyCount "98"]
[EventDate "2023.07.19"]
[EventType "swiss"]
[EventRounds "7"]
[EventCountry "CAN"]

1. c4 Nf6 2. g3 g6 3. Bg2 Nc6 4. Nf3 Bg7 5. O-O O-O 6. Nc3 d6 7. e4 e5 8. d3
Bg4 9. Be3 Qd7 10. Qd2 Ne7 11. Nh4 Bh3 12. f4 Bxg2 13. Kxg2 exf4 14. Bxf4 Ng4
15. Qe2 f5 16. exf5 Nxf5 17. Nxf5 gxf5 18. h3 Ne5 19. Bxe5 Bxe5 20. Rae1 Qg7
21. g4 Rf6 22. Nd5 Rf7 23. b3 c6 24. Ne3 f4 25. Nc2 Raf8 26. Qf3 Qg5 27. d4 Bg7
28. Re6 c5 29. Rxd6 cxd4 30. Nxd4 Qc5 31. Nb5 a6 32. Rd5 Qe3 33. Nd6 Re7 34.
Qxe3 fxe3 35. Re1 Rf2+ 36. Kg1 Rxa2 37. Nf5 Re8 38. Rxe3 Rxe3 39. Nxe3 Ra3 40.
Rd8+ Bf8 41. Rd3 Bc5 42. Kg2 a5 43. Nc2 Ra2 44. Rd2 Rb2 45. Kg3 Rxb3+ 46. Kf4
Rc3 47. Rd8+ Kf7 48. Ne1 Rxc4+ 49. Kg5 Be7+ 0-1

[Event "CYCC U14"]
[Site "Calgary CAN"]
[Date "2023.07.20"]
[Round "3.93"]
[White "Huang, Eric"]
[Black "Lomov, Peter"]
[Result "1-0"]
[WhiteElo "1366"]
[BlackElo "1007"]
[PlyCount "59"]
[EventDate "2023.07.19"]
[EventType "swiss"]
[EventRounds "7"]
[EventCountry "CAN"]

1. d4 d5 2. c4 e6 3. Nf3 Nf6 4. Bg5 Be7 5. e3 O-O 6. Nc3 b6 7. Rc1 Bb7 8. cxd5
Nxd5 9. Nxd5 Bxd5 10. Bxe7 Qxe7 11. a3 Rc8 12. Bd3 Nd7 13. Ba6 Rf8 14. Rxc7 Qd6
15. Rc1 f5 16. Bc4 Rf6 17. Bxd5 Qxd5 18. O-O Rg6 19. Rc7 a5 20. Rxd7 Qxd7 21.
Ne5 Qe8 22. Nxg6 Qxg6 23. Qf3 Rb8 24. Rc1 Qf7 25. Qf4 Qb7 26. Qd6 Re8 27. Rc7
Qe4 28. h3 Qb1+ 29. Kh2 Qxb2 30. Qd7 1-0

[Event "CYCC U14"]
[Site "Calgary CAN"]
[Date "2023.07.20"]
[Round "3.98"]
[White "Arora, Ishaan"]
[Black "Wangluo, May"]
[Result "1-0"]
[WhiteElo "1283"]
[BlackElo "799"]
[PlyCount "157"]
[EventDate "2023.07.19"]
[EventType "swiss"]
[EventRounds "7"]
[EventCountry "CAN"]

1. c4 c6 2. Nc3 d5 3. cxd5 cxd5 4. d4 Nf6 5. g3 Bf5 6. Bg2 Nc6 7. e3 Qd7 8. a3
a6 9. Bd2 g6 10. Nge2 Bh3 11. O-O Bxg2 12. Kxg2 Bg7 13. Na4 Rb8 14. Nc5 Qf5 15.
f3 O-O 16. g4 Qc8 17. Rc1 h5 18. h3 Kh7 19. Qa4 Ra8 20. Nf4 hxg4 21. hxg4 g5
22. Rh1+ Bh6 23. Nh5 Rh8 24. Nxf6+ exf6 25. Nxb7 Qxb7 26. Qxc6 Qxc6 27. Rxc6
Kg7 28. Rhc1 Rhd8 29. Rb6 Rdc8 30. Rxc8 Rxc8 31. Bc3 Re8 32. Bd2 Rc8 33. Bc3
Re8 34. Kf2 Re6 35. Rb7 f5 36. gxf5 Rf6 37. e4 Rd6 38. e5 Rd8 39. e6 Re8 40.
Rxf7+ Kg8 41. Kg3 Rf8 42. Rxf8+ Bxf8 43. Kg4 Be7 44. Bd2 Kf8 45. Bxg5 Bd6 46.
Bd2 Kg7 47. Kg5 Kg8 48. f4 Kg7 49. f6+ Kf8 50. Bb4 Bxb4 51. axb4 Kg8 52. Kg6
Kf8 53. e7+ Ke8 54. f7+ Kxe7 55. Kg7 Kd6 56. f8=R Kc6 57. Rf6+ Kb5 58. Rd6 Kc4
59. Rxa6 Kxb4 60. Rd6 Kc4 61. Rxd5 Kxd5 62. f5 Kxd4 63. f6 Kd3 64. f7 Kc2 65.
f8=R Kxb2 66. Rc8 Kb3 67. Kf6 Kb4 68. Ke5 Kb5 69. Kd6 Kb4 70. Kd5 Kb3 71. Kd4
Kb4 72. Rb8+ Ka5 73. Kc4 Ka6 74. Kc5 Ka7 75. Rb1 Ka6 76. Rb2 Ka7 77. Kc6 Ka8
78. Kc7 Ka7 79. Ra2# 1-0

[Event "CYCC U14"]
[Site "Calgary CAN"]
[Date "2023.07.20"]
[Round "3.100"]
[White "Saini, Eshan"]
[Black "Fang, Pengsen"]
[Result "0-1"]
[WhiteElo "1242"]
[BlackElo "930"]
[PlyCount "64"]
[EventDate "2023.07.19"]
[EventType "swiss"]
[EventRounds "7"]
[EventCountry "CAN"]

1. d4 Nf6 2. Bf4 d5 3. e3 e6 4. Nf3 c5 5. c3 Nc6 6. Bd3 Be7 7. Nbd2 Nh5 8. Ne5
Nxf4 9. exf4 cxd4 10. Nxc6 bxc6 11. Qa4 O-O 12. Qxd4 c5 13. Qe3 Rb8 14. Qh3 g6
15. b3 Bf6 16. Rc1 e5 17. Qg3 exf4 18. Qxf4 Re8+ 19. Be2 Ba6 20. c4 Bg5 21. Qf3
Bxd2+ 22. Kxd2 dxc4+ 23. Ke1 cxb3 24. axb3 Rxe2+ 25. Qxe2 Bxe2 26. Kxe2 Rxb3
27. Rhd1 Rb2+ 28. Kf1 Qf6 29. f3 Qa6+ 30. Kg1 Qe2 31. Rd8+ Kg7 32. Rf1 Qxg2#
0-1

[Event "CYCC U14"]
[Site "Calgary CAN"]
[Date "2023.07.20"]
[Round "3.102"]
[White "Zhuang, Charlie"]
[Black "Swertz, Ben"]
[Result "1-0"]
[WhiteElo "740"]
[BlackElo "1160"]
[PlyCount "85"]
[EventDate "2023.07.19"]
[EventType "swiss"]
[EventRounds "7"]
[EventCountry "CAN"]

1. e4 c5 2. a3 d6 3. b4 cxb4 4. axb4 a6 5. d4 Nf6 6. Bd3 g6 7. c4 Bg7 8. Nf3
O-O 9. O-O Nc6 10. Bd2 Bg4 11. Bc3 b5 12. cxb5 axb5 13. Bxb5 Rxa1 14. Bxa1 Na7
15. Bd3 Qb6 16. Bc3 Nb5 17. h3 Bd7 18. Qb3 Rc8 19. e5 dxe5 20. dxe5 Ne8 21. Ng5
e6 22. Qa4 Nec7 23. Na3 Ra8 24. Nc4 Qb7 25. Qc2 Nxc3 26. Qxc3 Nb5 27. Qd2 Bf8
28. Qf4 Be8 29. Be4 Qa7 30. Bxa8 Qxa8 31. Qh4 h5 32. Qf4 Bxb4 33. Nd6 Nxd6 34.
exd6 Qb8 35. Rd1 Kg7 36. g3 Bxd6 37. Rxd6 Qb1+ 38. Kh2 Qb2 39. Rd8 e5 40. Qf3
Bb5 41. Rg8+ Kh6 42. Rh8+ Kxg5 43. h4# 1-0

[Event "CYCC U14"]
[Site "Calgary CAN"]
[Date "2023.07.20"]
[Round "3.103"]
[White "Hsu, Ryder"]
[Black "Chenier, Felix"]
[Result "1-0"]
[WhiteElo "713"]
[BlackElo "1080"]
[PlyCount "73"]
[EventDate "2023.07.19"]
[EventType "swiss"]
[EventRounds "7"]
[EventCountry "CAN"]

1. d4 Nc6 2. c4 d6 3. Nf3 Be6 4. d5 Bf5 5. dxc6 Bxb1 6. cxb7 Rb8 7. Rxb1 Rxb7
8. Qa4+ c6 9. Qxc6+ Qd7 10. Qxd7+ Rxd7 11. e4 Nf6 12. c5 Nxe4 13. Bb5 dxc5 14.
Bxd7+ Kxd7 15. Ne5+ Ke6 16. Nf3 c4 17. Ng5+ Kf6 18. Nxe4+ Ke5 19. Nc5 Kd5 20.
Nd7 Kd4 21. Nxf8 Rxf8 22. Be3+ Kd3 23. O-O Ke4 24. Rbd1 e5 25. Rfe1 Rb8 26.
Bxa7+ Kf5 27. Bxb8 f6 28. Rd6 c3 29. bxc3 h5 30. c4 h4 31. c5 h3 32. c6 e4 33.
c7 e3 34. c8=Q+ Kg5 35. Rd5+ Kh6 36. Qh8+ Kg6 37. Qh5# 1-0

[Event "CYCC U14"]
[Site "Calgary CAN"]
[Date "2023.07.20"]
[Round "3.105"]
[White "Wang, Enzo"]
[Black "Zhu, Leon"]
[Result "0-1"]
[WhiteElo "998"]
[BlackElo "653"]
[PlyCount "66"]
[EventDate "2023.07.19"]
[EventType "swiss"]
[EventRounds "7"]
[EventCountry "CAN"]

1. e4 e5 2. Nf3 Nc6 3. d4 d6 4. dxe5 Qe7 5. exd6 Qxe4+ 6. Be3 Bxd6 7. Bd3 Qe7
8. h3 h6 9. O-O b6 10. Re1 Be6 11. Bb5 Qd7 12. Nd4 Nge7 13. Nxe6 fxe6 14. Nc3
O-O-O 15. a4 Qe8 16. a5 Bh2+ 17. Kxh2 Rxd1 18. Rexd1 Kb7 19. axb6 cxb6 20. Rd6
Qb8 21. Bf4 e5 22. Ba6+ Ka8 23. Rd7 exf4 24. Bc4 Rd8 25. Rad1 Qc8 26. Be6 Rxd7
27. Rxd7 Qb8 28. Nb5 Qe5 29. Nc7+ Kb7 30. Nd5+ Ka6 31. Nc7+ Ka5 32. Bb3 Nb8 33.
Rd1 Qxc7 0-1

[Event "CYCC U14"]
[Site "Calgary CAN"]
[Date "2023.07.20"]
[Round "3.106"]
[White "Yan, Henry"]
[Black "Odrcich, Eric"]
[Result "1/2-1/2"]
[WhiteElo "970"]
[BlackElo "640"]
[PlyCount "117"]
[EventDate "2023.07.19"]
[EventType "swiss"]
[EventRounds "7"]
[EventCountry "CAN"]

1. e4 g6 2. d4 Bg7 3. Nf3 e6 4. Nc3 Ne7 5. Bf4 O-O 6. Qd2 b6 7. Bd3 d6 8. O-O
Nd7 9. Bh6 c5 10. d5 e5 11. h3 a6 12. Rfe1 b5 13. a3 Nb6 14. b4 c4 15. Be2 Bd7
16. Bxg7 Kxg7 17. Nh2 a5 18. Ng4 Ng8 19. Bf3 Na4 20. Be2 Bxg4 21. Bxg4 Nf6 22.
Bf3 Nd7 23. Nxb5 Qb6 24. Nc3 Nxc3 25. Qxc3 Qd4 26. Qxd4 exd4 27. bxa5 Rxa5 28.
Red1 d3 29. cxd3 c3 30. Rdc1 Rc8 31. Bg4 Ra7 32. Bxd7 Rxd7 33. Ra2 Ra7 34. Kf1
Kf6 35. Ke2 Ke5 36. Ke3 f5 37. d4+ Kf6 38. exf5 gxf5 39. Kd3 Rac7 40. Rac2 Rg7
41. Rxc3 Rcg8 42. Rc6 Rxg2 43. Rxd6+ Ke7 44. Re6+ Kd7 45. Rf1 Ra8 46. Ke2 Rxa3
47. Re3 Ra4 48. Rg3 Rxg3 49. fxg3 Rxd4 50. Rxf5 Kd6 51. Rf7 h5 52. Rf5 h4 53.
g4 Ra4 54. Rf3 Kxd5 55. g5 Ke4 56. Re3+ Kf5 57. Kf3 Rf4+ 58. Ke2 Kxg5 59. Kd3
1/2-1/2

[Event "CYCC U14"]
[Site "Calgary CAN"]
[Date "2023.07.20"]
[Round "4.66"]
[White "Soberov, Emil"]
[Black "Qian, Eric"]
[Result "1-0"]
[WhiteElo "2280"]
[BlackElo "1986"]
[PlyCount "83"]
[EventDate "2023.07.19"]
[EventType "swiss"]
[EventRounds "7"]
[EventCountry "CAN"]

1. e4 c5 2. Nc3 Nc6 3. Bb5 Nd4 4. Nf3 e6 5. O-O Nxb5 6. Nxb5 d6 7. a4 Nf6 8. e5
dxe5 9. Nxe5 Be7 10. d3 O-O 11. Qf3 a6 12. Na3 Qd5 13. Qe2 b6 14. c4 Qd6 15.
Bf4 Bb7 16. Nc2 Qd8 17. Rfd1 Nd7 18. d4 Nxe5 19. Bxe5 Qe8 20. Qg4 g6 21. d5 f5
22. Qg3 exd5 23. cxd5 Bf6 24. f4 Rd8 25. d6 Qc6 26. Rd2 Kg7 27. Re1 Qxa4 28.
Qc3 Be4 29. Ra1 Qb5 30. Ne3 a5 31. b3 Qb4 32. Qb2 b5 33. g4 Bxe5 34. fxe5 Kf7
35. d7 Ke7 36. Rad1 f4 37. e6 c4 38. Nd5+ Bxd5 39. Qg7+ Kxe6 40. Rxd5 Rf6 41.
g5 Rf5 42. Re5+ 1-0

[Event "CYCC U14"]
[Site "Calgary CAN"]
[Date "2023.07.20"]
[Round "4.67"]
[White "Lu, Tony"]
[Black "Wu, Jonathan"]
[Result "1-0"]
[WhiteElo "2014"]
[BlackElo "2075"]
[PlyCount "109"]
[EventDate "2023.07.19"]
[EventType "swiss"]
[EventRounds "7"]
[EventCountry "CAN"]

1. e4 c5 2. Nc3 d6 3. Nf3 Nf6 4. d4 cxd4 5. Nxd4 a6 6. Be3 Ng4 7. Bg5 h6 8. Bh4
g5 9. Bg3 Bg7 10. h3 Nf6 11. Bc4 O-O 12. Bb3 Nc6 13. Nxc6 bxc6 14. O-O Qa5 15.
Qe2 Nd7 16. Nd1 Nc5 17. Bc4 Ne6 18. c3 Nf4 19. Qf3 Be6 20. Ne3 Bxc4 21. Nxc4
Qb5 22. Bxf4 gxf4 23. b3 f5 24. Qxf4 e5 25. Qd2 Rad8 26. exf5 d5 27. Ne3 d4 28.
cxd4 exd4 29. Nc4 Qxf5 30. Rae1 Kh8 31. Kh2 Rg8 32. g4 Qf3 33. Ne5 Bxe5+ 34.
Rxe5 Rg6 35. Rf5 Qc3 36. Qxc3 dxc3 37. Rc1 Rd4 38. Kg2 Re6 39. Rc5 Re2 40.
R5xc3 Rdd2 41. Rf3 Rxa2 42. Rxc6 Kg7 43. Kg3 Re1 44. Rff6 Rg1+ 45. Kh4 Ra3 46.
Rg6+ Kf7 47. Rcf6+ Ke7 48. Rxa6 Rxb3 49. Ra7+ Kf8 50. Rxh6 Rxh3+ 51. Kxh3 Rh1+
52. Kg3 Rxh6 53. f4 Rc6 54. g5 Rc1 55. Kg4 1-0

[Event "CYCC U14"]
[Site "Calgary CAN"]
[Date "2023.07.20"]
[Round "4.68"]
[White "Joseph, Jonath"]
[Black "Yang, Larry"]
[Result "1/2-1/2"]
[WhiteElo "2057"]
[BlackElo "1899"]
[PlyCount "134"]
[EventDate "2023.07.19"]
[EventType "swiss"]
[EventRounds "7"]
[EventCountry "CAN"]

1. e4 e5 2. Nc3 Nf6 3. f4 d5 4. fxe5 Nxe4 5. Qf3 Nxc3 6. bxc3 c5 7. Qg3 Nc6 8.
Nf3 Bf5 9. Bb5 Qb6 10. Bxc6+ Qxc6 11. O-O Qg6 12. Qf2 Be7 13. Ba3 Rc8 14. d4 b6
15. e6 Bxe6 16. Ne5 Qh5 17. Nd3 O-O 18. dxc5 Qg4 19. Qd4 bxc5 20. Bxc5 Qg5 21.
Bxe7 Qxe7 22. Rae1 Qc7 23. Nf4 Qxc3 24. Nxe6 fxe6 25. Rxf8+ Kxf8 26. Qf2+ Kg8
27. Rxe6 Rf8 28. Qe2 Qd4+ 29. Qe3 Qd1+ 30. Qe1 Qxc2 31. Re8 Qc5+ 32. Kh1 Rxe8
33. Qxe8+ Qf8 34. Qe6+ Kh8 35. h3 Qd8 36. Qe3 d4 37. Qd3 g6 38. Kg1 Qf6 39. Qe4
a6 40. g4 Qd6 41. Qd3 Qf4 42. Kg2 Qf6 43. Kg3 Kg7 44. h4 Qe5+ 45. Kf3 a5 46.
Qe4 Qc5 47. Ke2 Qc4+ 48. Kf3 Qf1+ 49. Kg3 d3 50. Qd4+ Kf7 51. Qd7+ Kg8 52. Qd8+
Kg7 53. Qd7+ Qf7 54. Qxd3 Qxa2 55. Qc3+ Kf7 56. Qc7+ Ke6 57. Qxh7 Qa3+ 58. Kg2
Qb2+ 59. Kg3 Qc3+ 60. Kg2 Qd2+ 61. Kg3 Qe3+ 62. Kg2 Qe4+ 63. Kg3 a4 64. Qg8+
Ke5 65. Qe8+ Kd5 66. Qa8+ Ke5 67. Qe8+ Kd5 1/2-1/2

[Event "CYCC U14"]
[Site "Calgary CAN"]
[Date "2023.07.20"]
[Round "4.69"]
[White "Leung, Joseph"]
[Black "Singh Dhaliwal, Jaipreet"]
[Result "0-1"]
[WhiteElo "1624"]
[BlackElo "2028"]
[PlyCount "80"]
[EventDate "2023.07.19"]
[EventType "swiss"]
[EventRounds "7"]
[EventCountry "CAN"]

1. e4 c5 2. Nf3 d6 3. Bb5+ Bd7 4. Bxd7+ Qxd7 5. O-O Nf6 6. Re1 Nc6 7. c3 e6 8.
d4 cxd4 9. cxd4 d5 10. e5 Ne4 11. Nbd2 Nxd2 12. Bxd2 Be7 13. Rc1 O-O 14. Re3
Rfc8 15. Rec3 Bd8 16. R3c2 Rab8 17. h3 a6 18. a3 b5 19. b4 Ne7 20. g4 Rxc2 21.
Rxc2 Rc8 22. Ne1 Rc4 23. Be3 Qc6 24. Rb2 Nc8 25. Nd3 Nb6 26. Nc5 Be7 27. Rb3
Na4 28. Qd2 h6 29. f4 a5 30. f5 exf5 31. gxf5 axb4 32. axb4 Nxc5 33. bxc5 Qa6
34. Qd3 Bg5 35. Bf2 b4 36. Kg2 Qa2 37. Kf3 Rc2 38. Be1 Rh2 39. Kg4 Qg2+ 40. Qg3
Qe4+ 0-1

[Event "CYCC U14"]
[Site "Calgary CAN"]
[Date "2023.07.20"]
[Round "4.70"]
[White "Wang, Andy"]
[Black "Jiang, Barron Jiyu"]
[Result "0-1"]
[WhiteElo "1960"]
[BlackElo "1978"]
[PlyCount "152"]
[EventDate "2023.07.19"]
[EventType "swiss"]
[EventRounds "7"]
[EventCountry "CAN"]

1. e4 c5 2. Nf3 d6 3. d4 cxd4 4. Nxd4 Nf6 5. Nc3 a6 6. Be2 e5 7. Nb3 Be6 8. Be3
Be7 9. a4 Nc6 10. Nd5 Bxd5 11. exd5 Nb8 12. c4 Nbd7 13. a5 O-O 14. O-O Ne8 15.
Nd2 f5 16. f3 Bg5 17. Bf2 Qf6 18. b4 Qh6 19. Nb3 Ndf6 20. g3 f4 21. Kg2 e4 22.
Rh1 Ng4 23. fxg4 f3+ 24. Kg1 Be3 25. Bf1 Bxf2+ 26. Kxf2 e3+ 27. Ke1 e2 28. Qd2
exf1=Q+ 29. Rxf1 Qg6 30. g5 Qe4+ 31. Kf2 Qxc4 32. Rab1 Nc7 33. Rfc1 Qe2+ 34.
Qxe2 fxe2+ 35. Kxe2 Nxd5 36. Nd4 Rae8+ 37. Kd3 Re3+ 38. Kc4 Nc3 39. Re1 Rc8+
40. Kb3 Rd3 41. Nf5 Nd1+ 42. Ka4 Nc3+ 43. Kb3 Nxb1+ 44. Kb2 Rd2+ 45. Kxb1 Rc7
46. Re6 Kf7 47. Re1 Rd7 48. h4 Rf2 49. g4 Rf4 50. Kc2 Rxb4 51. Rf1 Ke8 52. Rd1
d5 53. Kc3 Rxg4 54. Kb3 Rf4 55. Re1+ Kd8 56. Ne3 Rxh4 57. Kc2 Ra4 58. Rf1 Rxa5
59. Rf8+ Kc7 60. Rh8 d4 61. Nd1 d3+ 62. Kd2 Rxg5 63. Rxh7 Rg2+ 64. Ke1 Re2+ 65.
Kf1 Rf7+ 66. Kg1 Re1+ 67. Kg2 Rxd1 68. Kg3 d2 69. Kg2 Rg1+ 70. Kh2 Rh1+ 71.
Kxh1 d1=Q+ 72. Kh2 Rf2+ 73. Kh3 Qf3+ 74. Kh4 Qf4+ 75. Kh5 Rh2+ 76. Kg6 Qf6# 0-1

[Event "CYCC U14"]
[Site "Calgary CAN"]
[Date "2023.07.20"]
[Round "4.71"]
[White "Hossain, Azher"]
[Black "Tan, Shuwen"]
[Result "1-0"]
[WhiteElo "1656"]
[BlackElo "1415"]
[PlyCount "57"]
[EventDate "2023.07.19"]
[EventType "swiss"]
[EventRounds "7"]
[EventCountry "CAN"]

1. d4 Nf6 2. c4 g6 3. Nf3 Bg7 4. g3 O-O 5. Bg2 d6 6. O-O Nc6 7. Nc3 e5 8. h3
Nd7 9. Bg5 Qe8 10. Nd5 f6 11. Nxc7 Qf7 12. Nxa8 fxg5 13. Nxg5 Qe7 14. Bd5+ Kh8
15. Ne6 Nf6 16. Nxf8 Nxd5 17. cxd5 Bxh3 18. dxc6 Bxf8 19. dxe5 dxe5 20. c7 Qb4
21. Qd8 Kg7 22. c8=Q Bxc8 23. Qxc8 Qxb2 24. Rad1 e4 25. Rd7+ Kg8 26. Rd8 Qxe2
27. Rxf8+ Kg7 28. Rf4 e3 29. Qf8# 1-0

[Event "CYCC U14"]
[Site "Calgary CAN"]
[Date "2023.07.20"]
[Round "4.72"]
[White "Aljo, Johan"]
[Black "Dupuis, Denis"]
[Result "1/2-1/2"]
[WhiteElo "2124"]
[BlackElo "1065"]
[PlyCount "78"]
[EventDate "2023.07.19"]
[EventType "swiss"]
[EventRounds "7"]
[EventCountry "CAN"]

1. d4 d5 2. c4 e6 3. g3 Nf6 4. Bg2 Be7 5. Nf3 O-O 6. O-O c6 7. Nc3 Nbd7 8. Qd3
b6 9. e4 Nxe4 10. Nxe4 dxe4 11. Qxe4 Bb7 12. Bf4 Nf6 13. Qe2 Bd6 14. Ne5 Rc8
15. Rfd1 Qe7 16. a3 a5 17. Rac1 Rfd8 18. c5 bxc5 19. dxc5 Bxc5 20. Rxd8+ Rxd8
21. Nxc6 Bxc6 22. Bxc6 Nd5 23. Bd2 Qa7 24. Bg5 Rd6 25. Bxd5 Rxd5 26. Be3 g6 27.
Rxc5 Rxc5 28. Qd2 Qe7 29. Bxc5 Qxc5 30. b4 axb4 31. axb4 Qe5 32. Kg2 Qc7 33.
Qb2 Kf8 34. f3 Ke7 35. b5 Kd7 36. Qd4+ Kc8 37. g4 Kb7 38. Qe4+ Kb6 39. Qa4 e5
1/2-1/2

[Event "CYCC U14"]
[Site "Calgary CAN"]
[Date "2023.07.20"]
[Round "4.73"]
[White "Huang, Winston"]
[Black "Yang, Ryan"]
[Result "0-1"]
[WhiteElo "1460"]
[BlackElo "2217"]
[PlyCount "92"]
[EventDate "2023.07.19"]
[EventType "swiss"]
[EventRounds "7"]
[EventCountry "CAN"]

1. d4 Nf6 2. c4 g6 3. Nc3 d5 4. Nf3 Bg7 5. e3 O-O 6. Be2 c6 7. O-O Nbd7 8. Qc2
Re8 9. Re1 Nb6 10. c5 Nbd7 11. b4 e5 12. a4 exd4 13. exd4 Ne4 14. Bb2 Nxc3 15.
Bxc3 Nf6 16. Bd3 Be6 17. b5 Qc7 18. h3 Nh5 19. Rab1 Nf4 20. b6 Qd7 21. Rbd1
Nxd3 22. Qxd3 axb6 23. cxb6 Rxa4 24. Ra1 Rea8 25. Rxa4 Rxa4 26. Ra1 Rxa1+ 27.
Bxa1 Qd8 28. Qb3 Qa8 29. Bc3 Qa6 30. Qb4 Bf8 31. Qa5 Qxa5 32. Bxa5 c5 33. dxc5
Bxc5 34. Nd2 Kf8 35. Kf1 Ke7 36. Ke2 Kd7 37. Nb3 Kc6 38. Nxc5 Kxc5 39. Kd3 Kb5
40. Bd2 Kxb6 41. Kd4 Kb5 42. Bg5 Ka4 43. Kc5 Kb3 44. Kb6 d4 45. Kxb7 d3 46. Kb6
Kc2 0-1